La cima della stella /
Saved in:
| Hovedforfatter: | |
|---|---|
| Format: | Bog |
| Sprog: | italiensk |
| Udgivet: |
Roma :
Empiria,
[1998]
|
| Serier: | Le felci di prosa ;
1 |
| Tags: |
Ingen Tags, Vær først til at tagge denne postø!
|
MARC
| LEADER | 00000nam a22000007i 4500 | ||
|---|---|---|---|
| 001 | IT\ICCU\BVE\0148212 | ||
| 003 | ItRI | ||
| 005 | 20240123190413.0 | ||
| 008 | 981123s1998 it |||||| ||||| |||||c | ||
| 020 | |a 8885303617 | ||
| 040 | |b ita |c GP | ||
| 041 | 7 | |a ita |2 ISO-639-2 | |
| 100 | 1 | |a Zanghì, Sara |0 IT\ICCU\RMLV\025615 |4 aut | |
| 245 | 1 | 3 | |a La cima della stella / |c Sara Zanghì. |
| 260 | |a Roma : |b Empiria, |c [1998] | ||
| 300 | |a 222 p. ; |c 17 cm. | ||
| 830 | 3 | |a Le felci di prosa ; |v 1 |0 IT\ICCU\BVE\0148213 | |
| 942 | |2 ddc |c BK | ||
| 952 | |0 0 |1 0 |2 ddc |4 0 |6 853_914000000000000_ZAN |7 1 |9 522 |a RM |b RM |d 2024-01-23 |l 0 |o 853.914 ZAN |p 4 |r 2024-01-23 19:07:12 |w 2024-01-23 |y BK | ||
| 981 | 1 | |6 z01 |a i |b xxxe | |
| 982 | 1 | |6 z01 |a n | |
| 999 | |c 447 |d 447 | ||